| 000 | 00432nam a2200145Ia 4500 | ||
|---|---|---|---|
| 003 | OSt | ||
| 005 | 20260130104208.0 | ||
| 008 | 211028s2018 xx 000 0 und d | ||
| 040 | _cAIMIT LIBRARY | ||
| 041 | _aeng | ||
| 100 |
_aRekha; Pereira, Divya. _g1616161 _97914 |
||
| 245 | _aStudy on effectiveness of training at Kirloskar ferrous industries limited Koppal / | ||
| 260 |
_aMangalore _bRoyce Baretto. _c2018 |
||
| 942 |
_2ddc _cPRO |
||
| 999 |
_c219482 _d219482 |
||